Proces integracji gospodarczej ziem zachodnich i pólnocnych z Polska

Salvato in:
Dettagli Bibliografici
Autore principale: Kociszewski, Jerzy
Natura: Libro
Lingua:polacco
Pubblicazione: Wroclaw Wydawnictwo Akademii Ekonomicznej im. Oskara Langego we Wroclawiu 1999
Serie:Prace naukowe nr. 816 Monografie i Opracowania nr. 130
Soggetti:
Tags: Aggiungi Tag
Nessun Tag, puoi essere il primo ad aggiungerne!!

MARC

LEADER 00000nam a2200000 4500
001 c122868
005 20221221083323.3
020 |a 83-7011-383-4 
022 |a 0324-8445, 0239-8532 
041 0 |a pol 
044 |a PL 
245 1 0 |a Proces integracji gospodarczej ziem zachodnich i pólnocnych z Polska  |c Jerzy Kociszewski 
264 1 |a Wroclaw  |b Wydawnictwo Akademii Ekonomicznej im. Oskara Langego we Wroclawiu  |c 1999 
300 |a 319 s. 
490 1 |a Prace naukowe nr. 816  |v Monografie i Opracowania nr. 130 
830 0 |a Prace naukowe nr. 816  |v Monografie i Opracowania nr. 130 
610 2 0 |a integrácia ekonomická 
610 2 0 |a regióny 
610 2 0 |a politika regionálna 
610 2 0 |a poľnohospodárstvo 
610 2 0 |a osídľovanie 
610 2 0 |a administratíva 
610 2 0 |a koncepcie 
610 2 0 |a spriemyselňovanie poľnohospodárstva 
610 2 0 |a plánovanie 
610 2 0 |a rozvoj hospodársky 
610 2 0 |a investície 
610 2 0 |a migrácia 
610 2 0 |a demografia 
610 2 0 |a emigrácia 
610 2 0 |a hustota obyvateľstva 
610 2 0 |a infraštruktúra 
610 2 0 |a podmienky životné 
610 2 0 |a Poľsko 
100 1 |a Kociszewski, Jerzy